| 000 | 00713nam a22002057a 4500 | ||
|---|---|---|---|
| 005 | 20100804115144.0 | ||
| 010 | _aENG-98014 | ||
| 020 |
_a9788190887564 _c150.00 |
||
| 035 | _aEN-81547 | ||
| 037 | _bDBAD/PUB | ||
| 082 | _a581.15 | ||
| 100 |
_aSathyamurthy, V.R. _95828 |
||
| 245 |
_aPlant breeding / _cby V.R. Sathyamurthy |
||
| 260 |
_aErode _bKongunadu Literature _c2009 |
||
| 270 |
_a93, E.K. Valasu, Chinnamuthu Main Street _bErode _e638011 |
||
| 300 |
_a124p. _c21cm (pbk) |
||
| 650 |
_aPlant breeding _95829 |
||
| 942 |
_2ddc _cEN _h581.15 _mSAT |
||
| 999 |
_c39153 _d39153 |
||